La Alhambra y el Generalife / (Record no. 177207)

MARC details
000 -LEADER
campo de control de longitud fija 00724nam a22002175i 4500
001 - NÚMERO DE CONTROL
campo de control 177207
003 - IDENTIFICADOR DE NÚMERO DE CONTROL
campo de control ES-MaACL
005 - FECHA Y HORA DE LA ÚLTIMA TRANSACCIÓN
campo de control 20230906220258.0
008 - DATOS DE LONGITUD FIJA--INFORMACIÓN GENERAL
campo de control de longitud fija 110308s1949 sp o |||| | spa d
080 ## - NÚMERO DE LA CLASIFICACIÓN DECIMAL UNIVERSAL
Número de la Clasificación Decimal Universal 728.82(460.357 G.)
100 1# - ENTRADA PRINCIPAL--NOMBRE DE PERSONA
Nombre de persona Torres Balbás, Leopoldo.
9 (RLIN) 110926
245 13 - MENCIÓN DEL TÍTULO
Título La Alhambra y el Generalife /
Mención de responsabilidad, etc. por L. Torres Balbás.
260 ## - PUBLICACIÓN, DISTRIBUCIÓN, ETC.
Lugar de publicación, distribución, etc. Madrid :
Nombre del editor, distribuidor, etc. Plus-Ultra,
Fecha de publicación, distribución, etc. [1949?]
300 ## - DESCRIPCIÓN FÍSICA
Extensión 158 p. :
Otras características físicas fot. bl. y n. ;
Dimensiones 22 cm.
490 1# - MENCIÓN DE SERIE
Mención de serie Los monumentos cardinales de España ;
Designación de volumen o secuencia 7
610 24 - PUNTO DE ACCESO ADICIONAL DE MATERIA--NOMBRE DE ENTIDAD CORPORATIVA
Nombre de entidad corporativa o nombre de jurisdicción como elemento de entrada Alhambra (Granada)
9 (RLIN) 145495
610 24 - PUNTO DE ACCESO ADICIONAL DE MATERIA--NOMBRE DE ENTIDAD CORPORATIVA
Nombre de entidad corporativa o nombre de jurisdicción como elemento de entrada Generalife (Granada)
9 (RLIN) 145496
830 0# - PUNTO DE ACCESO ADICIONAL DE SERIE-TÍTULO UNIFORME
Título uniforme Los monumentos cardinales de España ;
Designación de volumen o secuencia 7
9 (RLIN) 190368
852 ## - LOCALIZACIÓN
Ubicación ES-MaACL
Número de control de estantería E-14620
Encuadernación Olim P-1021
Holdings
Estatus retirado Estado de pérdida Estado de daño No para préstamo Biblioteca de origen Biblioteca actual Ubicación en estantería Fecha de adquisición Fuente de adquisición Total de préstamos Signatura topográfica completa Código de barras Visto por última vez Precio de reemplazo Tipo de ítem Koha
        Biblioteca del Ateneo de Madrid Biblioteca del Ateneo de Madrid Depósito 2 08/03/2011     E-14620 1186115 23/02/2023 23/02/2023 Libro impreso